LEADER 00888nam0-22003131i-450- 001 990003159630403321 010 $a88-204-3569-1 035 $a000315963 035 $aFED01000315963 035 $a(Aleph)000315963FED01 035 $a000315963 100 $a20000920d1989----km-y0itay50------ba 101 0 $aita 102 $aIT 200 1 $aPolitiche per i giovani$fricerca IRS di C.Ranci...[et al.]$ga cura di Costanzo Ranci 210 $aMilano$cFranco Angeli$d1989 215 $a195 p.$d22 cm 225 1 $aPolitiche sociali$fcollana a cura dell'IRS 676 $a15230 676 $a20200 702 1$aRanci,$bCostanzo 712 2$aIRS$9 801 0$aIT$bUNINA$gRICA$2UNIMARC 901 $aBK 912 $a990003159630403321 952 $a20200 IRS$b8481$fSES 959 $aSES 996 $aPolitiche per i giovani$9458572 997 $aUNINA LEADER 01132nam1-22003611n-450- 001 990001194150203316 005 20091119104204.0 010 $a88-243.0799-X 035 $a000119415 035 $aUSA01000119415 035 $a(ALEPH)000119415USA01 035 $a000119415 100 $a20031014-1989----m||y0itay0103----ba 101 0 $aita 102 $aIT 105 $ay|||z|||001yy 200 1 $a<> sistema retributivo verso gli anni '90$eBologna 1988 210 $aNapoli$cJovene$d1989 215 $aX, 374 p.$d24 cm. 225 2 $aSocietà e lavoro$iSimposi interdisciplinari$v2 410 0$12001$aSocietà e lavoro$iSimposi interdisciplinari$v2 606 0 $aRetribuzioni 676 $a331.2945 801 0$aIT$bsalbc$gISBD 912 $a990001194150203316 951 $aXXX.B. Coll. 28/ 2 (COLL PUK 2)$b36984 G.$cXXX.B. Coll. 28/ 2 (COLL PUK)$d00085772 959 $aBK 969 $aGIU 979 $aRENATO$b90$c20031014$lUSA01$h1237 979 $aPATRY$b90$c20040406$lUSA01$h1725 979 $aRSIAV4$b90$c20091119$lUSA01$h1042 996 $aSistema retributivo verso gli anni '90$962898 997 $aUNISA